theLAYTshow's Bacon Puzzle #1 - Statistics

General Stats
  • This quiz has been taken 1,530 times
    1,527 since last reset
  • The average score is 6 of 15
Answer Stats
Actor % Correct
Tom Hanks
91%
Matt Damon
83%
Ryan Gosling
76%
Vin Diesel
69%
Keira Knightley
61%
Paul Walker
51%
Jude Law
45%
Liv Tyler
41%
Josh Brolin
32%
Michael Clarke Duncan
32%
Bill Nighy
16%
Phillip Seymour Hoffman
14%
Carey Mulligan
13%
Sean Astin
13%
Joan Allen
8%
No matching quizzes found
Score Distribution
Percent of People with Each Score
Percentile by Number Answered
Your Score History
You have not taken this quiz since the last reset